The importance of the English language in the world´business bakalárska práca

Salvato in:
Dettagli Bibliografici
Autore principale: Prislupský, Michal
Ente Autore: Fakulta aplikovaných jazykov EU v Bratislave. Katedra jazykovedy a translatológie
Altri autori: Nemcová, Alica
Natura: Libro
Lingua:inglese
Pubblicazione: Bratislava 2015
Tags: Aggiungi Tag
Nessun Tag, puoi essere il primo ad aggiungerne!!

MARC

LEADER 00000nbm a2200000 4500
001 0202057
005 20161212094241.1
041 0 |a eng 
044 |a SK 
245 1 0 |a The importance of the English language in the world´business  |b bakalárska práca  |c Michal Prislupský ; školiteľ: Alica Nemcová 
264 1 |a Bratislava  |c 2015 
300 |a 32 s. 
100 1 |a Prislupský, Michal 
700 1 |a Nemcová, Alica 
710 2 |a Fakulta aplikovaných jazykov EU v Bratislave. Katedra jazykovedy a translatológie